000
00292nam a2200109Ia 4500
008
171211s9999 xx 000 0 und d
245
3
_a
An Introduction to Oil Painting
245
_c
Ray Smith
260
_c
1998
650
_x
Drawing
856
_u
http://down.ebook777.com/006/9780789432896.pdf
999
_c
347992
_d
347992